000 00521nam a2200169 i 4500
001 144207
003 ES-MaACL
005 20230906200951.0
007 t|
008 070214s1930 fr r ||||1| fre d
100 1 _aSieroszewski, Waclaw.
_9106234
245 1 0 _aSur la lisière des forêsts /
_cWaclaw Sieroszewski ; traduit du polonais par Mme. de Rakowska.
260 _aParis :
_bLarousse,
_c1930 (
_fImp. Larrouse)
300 _a309 p. ;
_c19 cm.
700 1 _aRakowska, Marie.
_995048
852 _aES-MaACL
_jA-2561
999 _c144207
_d144207